[Event "Championnat de France - Open B"]
[Site "NANCY"]
[Date "2013.08.23"]
[Round "11.4"]
[White "Bellahcene, Rayane"]
[Black "Pouchon, Joffrey"]
[Result "1/2-1/2"]
[WhiteElo "1989"]
[BlackElo "1917"]
[PlyCount "144"]
[EventDate "2013.??.??"]

1. Nf3 Nf6 2. c4 c5 3. d4 cxd4 4. Nxd4 d6 5. g3 e5 6. Nb3 Be6 7. Bg2 Nc6 8. Na3
d5 9. Bg5 Bb4+ 10. Nd2 dxc4 11. Qa4 Bxd2+ 12. Bxd2 O-O 13. Bc3 Nd5 14. O-O Nb6
15. Qc2 Qg5 16. Nb5 Bf5 17. e4 Be6 18. a4 Qe7 19. f4 f6 20. f5 Bf7 21. Qf2 Rad8
22. a5 Nc8 23. Rfd1 a6 24. Na3 Rxd1+ 25. Rxd1 Rd8 26. Qe2 Qc5+ 27. Kh1 Rxd1+
28. Qxd1 Qd6 29. Qe2 Qc5 30. Qd2 Nd6 31. g4 h5 32. g5 fxg5 33. Qxg5 Qf2 34. Qd2
Nxe4 35. Qxf2 Nxf2+ 36. Kg1 Nd3 37. Bxc6 bxc6 38. Nc2 c5 39. Ne1 e4 40. Nxd3
cxd3 41. Kf2 Be8 42. Ke3 Bc6 43. Bd2 Kf7 44. Kf4 g6 45. h4 c4 46. Kg5 gxf5 47.
Kxf5 Ke7 48. Ke5 Kd7 49. Be3 Bb7 50. Kd4 Ke6 51. Kxc4 Kf5 52. Kc3 Kg4 53. Bg5
Bc6 54. Kd2 Kf3 55. Be3 Ba4 56. Bh6 Bb3 57. Bg5 Bf7 58. Bh6 Kg4 59. Bg5 Kf5 60.
Bh6 Ke5 61. Bg7+ Kd5 62. Bf6 Kc4 63. Be5 Kb3 64. Bf6 Bc4 65. Be5 Kb4 66. Bc7
Bb5 67. Bd8 Kb3 68. Bf6 e3+ 69. Kxe3 Kc2 70. Bc3 Bc4 71. Bb4 Kxb2 72. Kd2 Bb5
1/2-1/2

[Event "Championnat de France - Open B"]
[Site "NANCY"]
[Date "2013.08.23"]
[Round "11.5"]
[White "Le Pen, Steven"]
[Black "Joslin, Jerome"]
[Result "1-0"]
[WhiteElo "1913"]
[BlackElo "1980"]
[PlyCount "97"]
[EventDate "2013.??.??"]

1. e4 e5 2. Nf3 Nc6 3. Bb5 a6 4. Ba4 Nf6 5. O-O b5 6. Bb3 Be7 7. Re1 O-O 8. c3
d5 9. exd5 Nxd5 10. Nxe5 Nxe5 11. Rxe5 c6 12. d4 Bd6 13. Re1 Qh4 14. g3 Qh3 15.
Qf3 Bg4 16. Qg2 Qh5 17. Be3 Bf3 18. Qf1 Nf4 19. Bxf4 Bxf4 20. Na3 Rae8 21. Bd1
Bd2 22. Bxf3 Qxf3 23. Rxe8 Rxe8 24. Qg2 Qe2 25. Nc2 Re6 26. d5 cxd5 27. Qxd5
Re8 28. Nd4 Qg4 29. Qc6 Rf8 30. Qxa6 b4 31. Qe2 Qg5 32. Nf3 Qh5 33. Qxd2 Qxf3
34. cxb4 f5 35. Qe3 Qb7 36. Qf4 Qe7 37. h4 h6 38. h5 Qe8 39. Qf3 Qe5 40. Qc3
Qe2 41. a4 Qxh5 42. a5 f4 43. a6 fxg3 44. Qxg3 Rd8 45. a7 Rd1+ 46. Rxd1 Qxd1+
47. Kg2 Qd5+ 48. Qf3 Qg5+ 49. Kh3 1-0

[Event "Championnat de France - Open B"]
[Site "NANCY"]
[Date "2013.08.23"]
[Round "11.6"]
[White "Kern, Nicolas"]
[Black "Ronce, Nathan"]
[Result "0-1"]
[WhiteElo "1927"]
[BlackElo "1943"]
[PlyCount "52"]
[EventDate "2013.??.??"]

1. e4 c5 2. Nc3 d6 3. g3 g6 4. Bg2 Bg7 5. d3 Nc6 6. Be3 e5 7. Qd2 Nge7 8. Bh6
O-O 9. h4 f6 10. Bxg7 Kxg7 11. h5 g5 12. h6+ Kh8 13. Nd1 Be6 14. Ne3 d5 15.
exd5 Nxd5 16. Ne2 Nde7 17. f4 g4 18. Be4 Qd7 19. Rh5 Bf7 20. Rh4 Nd4 21. Nxd4
exd4 22. Nxg4 Qe6 23. f5 Nxf5 24. Rh3 Nd6 25. Qf4 f5 26. Qg5 Bg6 0-1

[Event "Championnat de France - Open B"]
[Site "NANCY"]
[Date "2013.08.23"]
[Round "11.7"]
[White "Ruhant, Anthony"]
[Black "Audin, Gilles"]
[Result "1-0"]
[WhiteElo "1924"]
[BlackElo "1981"]
[PlyCount "65"]
[EventDate "2013.??.??"]

1. e4 e5 2. Nc3 Nf6 3. Bc4 Nc6 4. d3 Na5 5. Bb3 Nxb3 6. axb3 h6 7. f4 d6 8. Nf3
Bg4 9. h3 Bxf3 10. Qxf3 Be7 11. O-O O-O 12. Be3 c6 13. Rad1 exf4 14. Bxf4 d5
15. e5 Ne8 16. Qg4 Kh8 17. Rf3 Nc7 18. Rdf1 Ne6 19. Bd2 Bc5+ 20. Kh1 Qe7 21.
Qh5 Ng5 22. Rf5 Kg8 23. Qg4 g6 24. Bxg5 hxg5 25. Qxg5 Qxg5 26. Rxg5 Rae8 27.
Rg4 a6 28. d4 Ba7 29. b4 Kg7 30. Rf6 Re7 31. g3 Bb6 32. Nxd5 cxd5 33. Rxb6 1-0

[Event "Championnat de France - Open B"]
[Site "NANCY"]
[Date "2013.08.23"]
[Round "11.8"]
[White "Abdesselem, Ahmed"]
[Black "Schmit, Vincent"]
[Result "1-0"]
[WhiteElo "1864"]
[BlackElo "1979"]
[PlyCount "44"]
[EventDate "2013.??.??"]

1. e4 e5 2. Nf3 Nc6 3. Bb5 g6 4. d4 exd4 5. Nxd4 Bg7 6. Be3 Nge7 7. Nc3 O-O 8.
O-O d6 9. a4 a6 10. Be2 Nxd4 11. Bxd4 Bxd4 12. Qxd4 Nc6 13. Qd2 Be6 14. f4 f5
15. exf5 Bxf5 16. Bc4+ Kg7 17. Nd5 h6 18. Rae1 Kh7 19. Qc3 Rb8 20. b4 h5 21. b5
axb5 22. axb5 Qf6 1-0

[Event "Championnat de France - Open B"]
[Site "NANCY"]
[Date "2013.08.23"]
[Round "11.9"]
[White "Racle, Valentin"]
[Black "Muller, Etienne"]
[Result "1/2-1/2"]
[WhiteElo "1945"]
[BlackElo "1907"]
[PlyCount "223"]
[EventDate "2013.??.??"]

1. c4 Nf6 2. Nc3 e5 3. g3 Bc5 4. Bg2 Nc6 5. e3 a6 6. Nge2 Ba7 7. a3 d6 8. O-O
Bf5 9. h3 Qd7 10. Kh2 O-O 11. d3 Rfe8 12. b4 Rab8 13. Bb2 h5 14. Nd5 Nxd5 15.
cxd5 Ne7 16. e4 Bh7 17. f4 h4 18. f5 c6 19. dxc6 bxc6 20. gxh4 a5 21. Ng3 axb4
22. Nh5 bxa3 23. Bxa3 Nxf5 24. Qg4 Bg6 25. exf5 Bxh5 26. Qxh5 f6 27. Qe2 d5 28.
h5 Bd4 29. Rad1 Ra8 30. Bc1 Qc7 31. Kh1 Ra4 32. Qc2 Ra5 33. Bd2 Rc5 34. Qa4 Rb8
35. Rc1 Rb2 36. Bb4 Rxc1 37. Rxc1 e4 38. Ba3 Rd2 39. Qxd4 Qg3 40. Rg1 Rxd3 41.
Qc5 Rxa3 42. Qxc6 Qh4 43. Qe8+ Kh7 44. Qg6+ Kg8 45. Qg4 Qg3 46. Bxe4 Qxh3+ 47.
Qxh3 Rxh3+ 48. Kg2 Rxh5 49. Bxd5+ Kf8 50. Be6 Rh4 51. Kg3 Re4 52. Kf3 Re5 53.
Kf4 Re2 54. Bd5 Re5 55. Bf3 Ra5 56. Re1 Rb5 57. Re4 g6 58. fxg6 Kg7 59. Re7+
Kxg6 60. Be4+ f5 61. Re6+ Kf7 62. Bxf5 Rb4+ 63. Kg5 Rb2 64. Rd6 Rg2+ 65. Bg4
Ke7 66. Rd7+ Ke8 67. Ra7 Kd8 68. Kf5 Rc2 69. Kf6 Rh2 70. Be6 Rb2 71. Ke5 Rb5+
72. Kf6 Rb2 73. Bd5 Re2 74. Be6 Rb2 75. Kf5 Rb5+ 76. Ke4 Rh5 77. Bf5 Rh2 78.
Ke5 Rb2 79. Be4 Rd2 80. Bd5 Ke8 81. Kd6 Kf8 82. Rf7+ Ke8 83. Rg7 Rf2 84. Be6
Rd2+ 85. Ke5 Kd8 86. Bd5 Ke8 87. Kd6 Rf2 88. Ra7 Kf8 89. Ke5 Rh2 90. Be6 Rf2
91. Bf5 Ke8 92. Rc7 Kd8 93. Rd7+ Ke8 94. Rb7 Kd8 95. Kd6 Rd2+ 96. Kc6 Ke8 97.
Be4 Rh2 98. Bd5 Rh6+ 99. Kc5 Rh2 100. Kd6 Kf8 101. Be6 Re2 102. Rh7 Rd2+ 103.
Bd5 Re2 104. Rf7+ Ke8 105. Rg7 Rf2 106. Be6 Rd2+ 107. Ke5 Kd8 108. Kf6 Rf2+
109. Bf5 Rb2 110. Rd7+ Ke8 111. Rc7 Rd2 112. Be6 1/2-1/2

[Event "Championnat de France - Open B"]
[Site "NANCY"]
[Date "2013.08.23"]
[Round "11.10"]
[White "Trouve, Guillaume"]
[Black "Testa, Stephane"]
[Result "0-1"]
[WhiteElo "1908"]
[BlackElo "1939"]
[PlyCount "64"]
[EventDate "2013.??.??"]

1. e4 e6 2. d4 d5 3. Nc3 Bb4 4. e5 c5 5. a3 Bxc3+ 6. bxc3 Qc7 7. Qg4 f5 8. Qg3
Ne7 9. Bd2 O-O 10. h4 f4 11. Qh3 cxd4 12. cxd4 Qxc2 13. Qd3 Qxd3 14. Bxd3 Nbc6
15. Ne2 f3 16. gxf3 Rxf3 17. Be3 Bd7 18. Ng3 Nxd4 19. Bxh7+ Kxh7 20. Bxd4 Nc6
21. Bb2 Raf8 22. O-O Na5 23. Kg2 Bb5 24. Bd4 Bxf1+ 25. Nxf1 Nb3 26. Rd1 Nxd4
27. Rxd4 Rxf2+ 28. Kg3 Rxf1 29. Rb4 b6 30. Ra4 R8f7 31. Kg4 Rg1+ 32. Kh3 g5 0-1